000 00558nam a2200229Ia 4500
003 OSt
005 20220924145602.0
006 a|||||r|||| 00| 0
007 ta
008 220923b |||||||| |||| 00| 0 per d
024 _a329437
037 _cTextual
040 _aARTS
_cARTS
_bper
041 _2per
_aper
082 _aP164,9, 164K2
100 _aKasravi Ahmad Au.
245 0 _aAazri
260 _c1962
650 _aPERSIAN LANGUAGE
942 _hP164,9, 164K2
_cTEXL
_2CC
999 _c460556
_d460556